Monsieur et Madame…ont... #4 - Statistiques

Statistiques générales
  • Ce quiz a été pris 74 fois
  • Le résultat moyen est 4 sur 15
Statistiques - réponses
Monsieur et Madame ont un(e) Quel est son prénom ? % Correct
Terrieur fils Alex (à l'extérieur)
56%
Luation fille Eva (évaluation)
56%
Terrieur fils Alain (à l'intérieur)
48%
Carena fille Emma (Hey macarena)
46%
Mono fille Kim (kimono)
40%
Hochet fils Rick (ricochet)
37%
Touille fils Sacha (ça chatouille)
27%
Finy fils Alain (à l'infini)
17%
Chette fille Barbie (barbichette)
17%
Gina fils Laurent (l'orangina)
16%
Times fils Vincent (vingt centimes)
11%
Nas fille Lana (l'ananas)
8%
Passe fille Maude (mot de passe)
8%
Hic fils Basile (basilic)
2%
Scott fille Debby (des biscottes)
2%
Aucun quiz correspondant
Distribution des résultats
% des personnes avec chaque résultat
Percentile par nombre de réponses
Votre historique - résultats
Vous n’avez pas pris ce quiz